[Event "Nikolaev zt"]
[Site "Nikolaev"]
[Date "1995.??.??"]
[Round "10"]
[White "Itkis, Boris"]
[Black "Neverov, Valeriy"]
[Result "1/2-1/2"]
[WhiteElo "2410"]
[BlackElo "2490"]
[Annotator "Ftacnik,L"]
[PlyCount "73"]
[EventDate "1995.03.??"]
[EventType "swiss"]
[EventRounds "11"]
[EventCountry "UKR"]
[SourceTitle "CBM 047"]
[Source "ChessBase"]
[SourceDate "1995.08.01"]
[SourceVersion "1"]
[SourceVersionDate "1995.08.01"]
[SourceQuality "1"]

1. d4 Nf6 2. Nf3 d5 3. c4 e6 4. Nc3 c6 5. e3 Nbd7 6. Qc2 Bd6 7. Be2 O-O 8. O-O
Re8 9. Rd1 b6 10. e4 Nxe4 11. Nxe4 dxe4 12. Qxe4 Bb7 13. Bf4 (13. Bd3 f5 (13...
Nf8 14. Bf4 Re7 15. Qe3 c5 16. dxc5 Bxc5 17. Bxh7+ Kxh7 18. Rxd8 Bxe3 19. Rxa8
Bxf2+ 20. Kxf2 Bxa8 21. Bd6 Re8 22. Rd1 Rd8 23. Rd4 Ng6 24. h4 {Alterman,
B-Bashkov,V/URS-chT/1988/0.5 (29)}) 14. Qe2 c5 15. Bc2 Qc7 16. Ba4 cxd4 17.
Nxd4 Bxh2+ 18. Kh1 Nf6 19. Bxe8 Rxe8 20. Bg5 Ne4 21. Be3 Be5 22. Nf3 Bf6 23.
Kg1 f4 24. Bc1 {Korotylev,A-Neverov,V/St.Petersburg op (07)/1994/1-0 (41)}) (
13. Be3 f5 14. Qc2 f4 15. Bd2 c5 16. dxc5 Bc7 17. cxb6 axb6 18. Bb4 Qc8 19. Ng5
Nf6 20. Bh5 h6 21. Bf7+ Kh8 22. Nf3 e5 23. Nh4 e4 24. f3 {Georgadze,G-Murshed,
N/Gausdal International (8)/1992/1-0 (27)}) 13... c5 $5 $146 (13... Qc7 14.
Bxd6 Qxd6 15. Ne5 Rad8 16. f4 f5 17. Qe3 Nxe5 18. dxe5 Qe7 19. Bf3 Rxd1+ 20.
Rxd1 Rd8 21. Rxd8+ Qxd8 22. b4 Ba6 23. Qc3 c5 24. b5 {Huss,A-Preissmann,E/
SWZ-chT/1993/0.5 (35)}) (13... Nf6 14. Qe3 Ng4 15. Qd2 Qc7 16. Bxd6 Qxd6 17. b4
Rad8 18. c5 Qe7 19. h3 Nf6 20. Ne5 Nd5 21. Nc4 Ba6 {Pritchett,C-Kristensen,B/
Gausdal TM (1)/1993/0.5 (22)}) 14. Qxb7 Bxf4 15. g3 (15. dxc5 Nxc5 16. Rxd8 (
16. Qc6 Qc8) 16... Nxb7 17. Rxa8 Rxa8 18. Rd1 Rd8 19. Rxd8+ Nxd8 $10) 15... Qc7
(15... Bc7 16. dxc5 Nxc5 17. Qc6 Qe7 18. b4) 16. Qxc7 (16. Qe4 Bd6) 16... Bxc7
17. dxc5 Nxc5 18. b4 Ne4 (18... Na6 19. a3 {xNa6}) 19. Rd7 Rec8 20. Rc1 (20.
Rad1 a5 21. a3 axb4 22. axb4 Nf6 23. R7d2 Ra4 $10) 20... a5 21. a3 (21. b5 Nc5
22. Rd2 e5) 21... axb4 22. axb4 Ra2 23. Bf1 Kf8 (23... Nxf2 $5 24. c5 (24. Ng5
Ng4 25. Rcd1 g6 26. Rxf7 Bd8 27. Ne4 Kxf7 28. Nd6+ Kf6 29. Nxc8 Bc7 $15) 24...
Ng4 25. Rcd1 h5 26. Ng5 g6 27. Rxf7 $13) (23... Rxf2 $2 24. Bd3 $1 Rxf3 25.
Bxe4 Rb3 26. Bb7) 24. c5 bxc5 25. bxc5 Bb8 (25... Nxf2 26. Ng5) 26. Rcd1 Bc7 (
26... Nxc5 $2 27. Rd8+ $18) 27. Rc1 Ra5 28. c6 Bb6 29. Nd4 (29. Rc2 Nxf2 30.
Rxf2 Bxf2+ 31. Kxf2 Rxc6 $17) 29... Nf6 (29... e5 30. Nf5 Ra2 31. Bc4 Ra7 32.
Rb7 Bxf2+ 33. Kg2 $13) 30. Rb1 Bxd4 (30... Nxd7 31. cxd7 Rca8 32. Rxb6 Rd5 33.
Nf3 $14) 31. Rxd4 Nd5 (31... Rxc6 32. Rb8+ Ke7 33. Rb7+ $10) 32. Rc4 Ke7 33.
Rb7+ Rc7 34. Rb8 h5 (34... Ra6 35. Rg4 Raxc6 36. Rxg7) 35. Be2 g6 36. Bf3 Ra6
37. Rb5 1/2-1/2

[Event "EU-chT (Men) 16th"]
[Site "Heraklion"]
[Date "2007.10.30"]
[Round "3.2"]
[White "Gyimesi, Zoltan"]
[Black "Pavasovic, Dusko"]
[Result "0-1"]
[WhiteElo "2610"]
[BlackElo "2597"]
[Annotator "Ftacnik,L"]
[PlyCount "74"]
[EventDate "2007.10.28"]
[EventType "team-swiss"]
[EventRounds "9"]
[EventCountry "GRE"]
[SourceTitle "CBM 121"]
[Source "ChessBase"]
[SourceDate "2007.11.14"]
[SourceVersion "1"]
[SourceVersionDate "2007.11.14"]
[SourceQuality "1"]
[WhiteTeam "Hungary"]
[BlackTeam "Slovenia"]
[WhiteTeamCountry "HUN"]
[BlackTeamCountry "SLO"]

1. d4 d5 2. c4 e6 3. Nf3 Nf6 4. Nc3 c6 5. e3 Nbd7 6. Qc2 Bd6 7. b3 O-O 8. Be2
b6 9. O-O Bb7 10. Bb2 Re8 11. Rad1 Qe7 12. Rfe1 Rad8 13. Bd3 c5 14. cxd5 exd5
15. dxc5 $6 {[%mdl 16384] Strategically faulty decision in the moment, when
both armies are fully lined up in the center. Gyimesi might have forgotten,
that hanging pawns well supported with pieces can be pretty dangerous.} bxc5
16. Bf5 (16. Nh4 Be5 17. Nf3 Bb8 $15) 16... a6 (16... Ne5 $5 17. Ne2 (17. Nb5
Nxf3+ 18. gxf3 Bb8 19. Ba3 g6 20. Bh3 a6 21. Bxc5 Qe5 22. f4 Qh5 $19) 17...
Nxf3+ 18. gxf3 g6 19. Bh3 $15) 17. Bh3 (17. Na4 Bc6 $15) 17... Ne5 18. Nxe5 $2
{White is asking for the trouble and the consequences will pe painfull. It was
high time to switch and start looking for the best defense.} (18. Nd2 Neg4 19.
g3 Ne5 20. Bg2 Qe6 $17) (18. Ne2 $1 Ne4 19. Nxe5 Bxe5 20. Bxe5 Qxe5 21. f3 Ng5
22. Qxc5 Nxh3+ 23. gxh3 Rc8 24. Qd4 Qxe3+ 25. Qxe3 Rxe3 26. Nd4 $15) 18... Qxe5
19. f4 (19. g3 d4 $1 20. exd4 (20. Na4 Qd5 21. e4 Qh5 22. Bg2 Bxe4 23. Bxe4
Nxe4 $17) (20. Bg2 dxc3 21. Bxc3 Qe7 $19) 20... Qxe1+ 21. Rxe1 Rxe1+ 22. Bf1
cxd4 23. Ne2 Ng4 24. Bxd4 Nxh2 25. Kxh2 Rxf1 26. Ng1 Rc8 $17) 19... Qh5 20. Qe2
$6 (20. Na4 Ne4 21. Ba3 g5 22. fxg5 Nxg5 23. Nxc5 Bc8 $17) (20. Qf2 Qh6 21. Na4
Ne4 22. Qc2 d4 $17) 20... Qh6 21. Qf2 d4 $1 {The thematic move comes at the
very bad moment for White, all enemy pieces are firing their weapons.} 22. exd4
(22. Na4 dxe3 23. Rxe3 Bxf4 24. Rxe8+ Rxe8 $19) 22... Bxf4 23. dxc5 (23. d5
Bxh2+ $1 24. Kh1 Bd6 $19) 23... Bxh2+ $5 (23... Rxe1+ 24. Qxe1 (24. Rxe1 Rd2
25. Re2 Rxb2 26. Rxb2 Be3 $19) 24... Re8 25. Ne2 (25. Qf1 Bxh2+ 26. Kxh2 Ng4+
27. Kg3 g5 $19) 25... Bxh2+ 26. Kf1 Bf3 27. Bxf6 Qxf6 28. gxf3 Qxf3+ 29. Qf2
Qxh3+ $19) 24. Kf1 Rxe1+ (24... Rxd1 25. Nxd1 (25. Rxd1 a5 $19) 25... Ne4 $19)
25. Qxe1 Qf4+ {Pavasovic turns out to be a merciful execusioner, the more
clever lines could have aspired for much speedier win.} (25... Re8 $1 26. Qf2 (
26. Qd2 Bf4) 26... a5 $19) 26. Qf2 Qxf2+ 27. Kxf2 Rxd1 28. Nxd1 Ne4+ 29. Ke2
Nxc5 30. Ne3 h5 {Black is still enjoying better pieces and the crucial pawn
majority on the kingside.} (30... Ne6 31. Kd2 Bd6 $17) 31. b4 Ne6 32. Bf5 (32.
Bxe6 fxe6 $19) 32... g6 33. Bc2 Bd6 34. a3 h4 35. Kf2 (35. Kf1 Nf4 $19) 35...
Nf4 36. Nc4 (36. Bf6 Nxg2 37. Nxg2 h3 $19) 36... Bb8 37. Ne5 Ba7+ (37... Ba7+
38. Kf1 Bxg2+ $19) 0-1

[Event "Dortmund"]
[Site "Dortmund"]
[Date "1992.??.??"]
[Round "8"]
[White "Adams, Michael"]
[Black "Kasparov, Garry"]
[Result "0-1"]
[WhiteElo "2620"]
[BlackElo "2780"]
[Annotator "Ftacnik,L"]
[PlyCount "44"]
[EventDate "1992.04.16"]
[EventType "tourn"]
[EventRounds "9"]
[EventCountry "GER"]
[EventCategory "17"]
[SourceTitle "CBM 029"]
[Source "ChessBase"]
[SourceDate "1992.08.01"]
[SourceVersion "1"]
[SourceVersionDate "1992.08.01"]
[SourceQuality "1"]

1. d4 {Anand} d5 2. c4 e6 3. Nc3 c6 4. e3 Nf6 5. Nf3 Nbd7 6. Qc2 Bd6 7. g4 dxc4
$5 {N} (7... O-O 8. g5 Nh5 9. Bd2 f5 10. gxf6 Nhxf6 11. Ng5 Qe8 12. O-O-O h6
13. h4 $40 {Shirov,A-Thorhallson,T/Reykjavik/1992/}) 8. e4 (8. g5 Nd5 9. Bxc4
Nxc3 10. bxc3 e5 $132) (8. Bxc4 {Anand}) 8... e5 $1 9. g5 (9. dxe5 Nxe5 10.
Nxe5 Bxe5 11. g5 Nh5 $15) 9... exd4 10. Nxd4 (10. gxf6 dxc3 11. fxg7 Rg8 12.
Qxc3 Qe7 13. Qxc4 Rxg7 $15) 10... Ng4 11. h3 (11. Bxc4 Nde5 12. Be2 Bc5 $17) (
11. f4 Bc5 12. Nce2 Nde5 13. fxe5 Bxd4 $17) 11... Nge5 12. Be3 (12. f4 Bc5 $1
13. Nf5 Nf3+ 14. Ke2 Ng1+ 15. Ke1 g6 $17) 12... Nc5 13. O-O-O Ned3+ 14. Kb1 Qe7
15. Rg1 (15. b3 Nb4 16. Qd2 Nxe4 $19) 15... g6 (15... Nb4 16. Qe2 Nxe4 17. Qxc4
$132) (15... O-O {Anand} 16. Nf5 Bxf5 17. exf5 Be5) 16. Bg2 O-O 17. Ka1 Bf4 $1
18. Bxf4 Nxf4 19. h4 (19. Bf1 Nxh3 20. Bxh3 Bxh3 $17) 19... Rd8 20. Qd2 Ncd3
21. Qe3 Bg4 22. Rd2 Qe5 {Ftacnik,L} (22... Qe5 23. Nc2 Rd7 $19) 0-1

[Event "Madrid"]
[Site "Madrid"]
[Date "1993.??.??"]
[Round "1"]
[White "San Segundo Carrillo, Pablo"]
[Black "Kramnik, Vladimir"]
[Result "0-1"]
[WhiteElo "2440"]
[BlackElo "2685"]
[Annotator "Ftacnik,L"]
[PlyCount "118"]
[EventDate "1993.06.??"]
[EventType "tourn"]
[EventRounds "9"]
[EventCountry "ESP"]
[EventCategory "14"]
[SourceTitle "CBM 036"]
[Source "ChessBase"]
[SourceDate "1993.10.01"]
[SourceVersion "1"]
[SourceVersionDate "1993.10.01"]
[SourceQuality "1"]

1. d4 d5 2. Nf3 c6 3. c4 Nf6 4. Nc3 e6 5. e3 Nbd7 6. Qc2 Bd6 7. Be2 O-O 8. O-O
Re8 9. Rd1 Qe7 10. b3 b6 11. e4 Nxe4 12. Nxe4 dxe4 13. Qxe4 Bb7 14. Bb2 (14.
Ne5 Rac8 (14... f5 15. Qe3 Nxe5 16. dxe5 Bc5 17. Qg3 Rad8 18. Bg5 Rxd1+ 19.
Rxd1 Qc7 20. h4 Kh8 21. h5 h6 22. Bh4 Bc8 23. Bf3 Rf8 24. Qf4 $14 {Kuzmin,
A-Sveshnikov,E/Moscow/1989/0.5 (33)}) 15. Bb2 Red8 16. f4 Nf6 17. Qe3 c5 18.
Bf3 cxd4 19. Bxd4 Bxf3 20. Qxf3 Bc5 21. Bxc5 Qxc5+ 22. Kf1 Qc7 23. Ke2 h5 24.
g3 $14 {Bykhovsky,Av-Svirin,O/Podolsk/1990/1-0 (59)}) (14. Bf4 Nf6 $6 (14...
Bxf4 15. Qxf4 e5 $5 (15... c5 16. Qc7 Rab8 17. Rac1 (17. Ne5 Nxe5 18. Qxe7 Nf3+
$1 19. Bxf3 Rxe7 20. Bxb7 Rexb7 21. dxc5 bxc5 22. Rd6 Rc7 $8 23. Rad1 Kf8 24.
Ra6 $10 {Stohl,I-Skembris,S/Burgas/1992/}) 17... Rec8 18. Qg3 Re8 19. Qc7 Nf8
20. Qg3 {0,5/Hergott,D-Alvarez,R/Capablanca Mem II (11)/1993/}) (15... Nf8 16.
Rd2 c5 17. dxc5 Qxc5 18. Rad1 Re7 19. Ng5 $1 { []e4-d6,  >>f3} Qc7 20. Qe3
Ree8 21. Bf3 $1 Bxf3 22. Qxf3 e5 23. Ne4 Re6 24. Nd6 $16 {Miles,A-Novikov,I/
Debrecen/1992/1-0 (40)}) 16. Nxe5 Nxe5 17. Qxe5 Qxe5 18. dxe5 Rxe5 19. Bf3 Rae8
$1 20. h3 $5 Kf8 $1 21. b4 R5e7 $2 22. c5 Re5 23. Rac1 bxc5 24. bxc5 $10 {
Grivas,E-Koskinen,H/Gausdal/1993/}) 15. Qe3 Bxf4 16. Qxf4 c5 17. Ne5 Rad8 18.
dxc5 bxc5 $14 {Grivas,E-Hector,J/Iraklion/1992/}) 14... Nf6 (14... Red8 15. Bd3
Nf6 16. Qh4 h6 17. Rab1 Ba3 18. Ba1 Bb4 19. Ne1 Nd7 20. Qh3 Bd6 21. Nc2 c5 22.
d5 exd5 23. cxd5 Ne5 24. Bf5 $36 {Smagin,S-Shcherbakov,R/Podolsk/1990/1-0 (60)}
) 15. Qe3 c5 16. Ne5 Qc7 (16... Rad8 17. Bf3 cxd4 18. Bxd4 Bxf3 19. Qxf3 Qc7 $2
20. Nc6 Rd7 21. Bxf6 gxf6 22. Nxa7 (22. g3 $6 Rc8 23. Nd4 a6 24. Rd3 $15 {
Georgadze,G-Kramnik,V/Manila ol/1992/0-1 (61)}) 22... Red8 23. Nb5 Bxh2+ 24.
Kh1 $14 {Karpov,An-Morovic Fernandez,I/Leon (2)/1993/0.5 (87)}) 17. h3 $6 (17.
f4 Rad8 $132) 17... Ne4 $1 18. Bd3 cxd4 19. Bxd4 (19. Qxd4 Bc5 20. Qd7 Qxd7 21.
Nxd7 Nxf2 $17) 19... Nc5 $1 (19... Bxe5 20. Bxe4 $10) 20. Bc2 f6 21. Bxc5 (21.
Nf3 Bf4 22. Qe2 e5 23. Bb2 e4 24. Nd4 e3 $36) 21... bxc5 (21... Bxc5 $5 22. Qd3
Qxe5 23. Qxh7+ Kf8 24. Bg6 (24. Rd7 $2 Qxa1+ 25. Bb1 Re7 26. Qh8+ Kf7 27. Qh5+
g6 28. Qxg6+ Kf8 $19) 24... f5 25. Qh8+ (25. Rd7 Qxa1+ 26. Kh2 Bd6+ $1 27. Rxd6
Qe5+ 28. g3 Qxd6 $19) 25... Ke7 26. Qh4+ Qf6 27. Qxf6+ Kxf6 $17) 22. Nf3 f5 23.
Re1 Bf4 24. Qe2 (24. Qc3 Qc6 {/\ e5} (24... e5 25. g3 (25. Bxf5 e4 $17) 25...
e4 26. gxf4 exf3 27. Re5 $1)) 24... Qc6 25. Rad1 g6 26. Qd3 (26. Qf1 e5 $17)
26... e5 27. Qd5+ Qxd5 28. cxd5 e4 29. g3 (29. Nh2 Rad8 $17) 29... Bh6 30. Nh4
Rad8 31. d6 Bf8 32. g4 (32. d7 Re7 33. g4 Rexd7 34. gxf5 Be7 35. Rxd7 Rxd7 36.
Ng2 gxf5 37. Ne3 Rd2 $17) 32... Bc8 (32... Bxd6 33. gxf5 Be7 34. Rxd8 Bxd8 35.
Ng2 gxf5 36. Rd1 $17) 33. gxf5 gxf5 34. Rd5 Rxd6 35. Red1 (35. Rxc5 Rh6 36.
Nxf5 Rg6+ $19) 35... Rxd5 36. Rxd5 Be6 37. Rd1 (37. Re5 Bd6 $19) 37... Kf7 38.
Kf1 Kf6 39. Ng2 Ke5 40. Ne3 Be7 41. Ke2 Rg8 42. Nc4+ Kf4 43. Ne3 Rd8 44. Re1
Bg5 45. h4 Bh6 (45... Bxh4 46. Ng2+ Kg4 47. Nxh4 Kxh4 48. Rh1+ Kg5 49. Rxh7
$132) 46. Rc1 Bf7 47. Bd1 Bf8 48. Ke1 Ke5 49. Nc4+ Kf6 50. f3 Bh6 51. Rc3 Rd4
52. Bc2 (52. fxe4 Rxe4+ $19) 52... exf3 53. Rxf3 Be6 54. Rh3 Rg4 55. Kf2 Bd5
56. Rc3 Rxh4 57. Nd6 Rh2+ 58. Kf1 Be6 59. Rxc5 Bf8 (59... Bf8 60. Ne8+ Kf7 61.
Rc6 Bd5 62. Nd6+ Ke6 63. Bxf5+ Ke5 64. Rc2 Rh1+ 65. Ke2 Bxd6 $19) 0-1

[Event "Candidates qf2"]
[Site "Antwerp"]
[Date "1989.01.31"]
[Round "1"]
[White "Portisch, Lajos"]
[Black "Timman, Jan H"]
[Result "1/2-1/2"]
[WhiteElo "2610"]
[BlackElo "2610"]
[Annotator "Ftacnik,L"]
[PlyCount "208"]
[EventDate "1989.01.??"]
[EventType "match"]
[EventRounds "6"]
[EventCountry "BEL"]
[SourceTitle "Candidates"]
[Source "ChessBase"]
[SourceDate "1999.07.01"]
[SourceVersion "2"]
[SourceVersionDate "1999.07.01"]
[SourceQuality "1"]

1. Nf3 {Hecht} d5 2. d4 Nf6 3. c4 c6 4. Nc3 e6 5. e3 Nbd7 6. Be2 $5 dxc4 $6 {
>= 6...Bd6} 7. a4 $5 Bd6 8. Nd2 $1 O-O 9. Nxc4 Bc7 10. b3 Nd5 11. Bb2 b6 12.
O-O Bb7 13. Bf3 $5 {>= 13.e4 (!)} Rb8 14. Qd2 $6 Qg5 15. Rfd1 Rfd8 16. Qe2 Nxc3
17. Bxc3 e5 18. dxe5 (18. Qb2 $5 exd4 19. Rxd4 Nf6 20. Rxd8+ Rxd8 21. Be5 Bxe5
22. Nxe5) (18. d5 $5 cxd5 19. Bxd5 Bxd5 20. Rxd5) 18... Nxe5 19. Bxe5 Bxe5 20.
h4 $1 Qe7 21. Nxe5 Qxe5 22. Rxd8+ Rxd8 23. Rd1 Rxd1+ 24. Qxd1 Qc7 25. b4 h6 26.
Qc2 $6 (26. Qb1 $1 a5 $1 (26... Bc8 27. Qe4 Bd7 28. Qe7 Qc8 29. a5 $1 $16) 27.
bxa5 bxa5 28. Qc2 Qd6 $14) 26... c5 $1 27. Bxb7 Qxb7 28. bxc5 Qc6 29. Qd3 $6 {
>= 30.h5; 30.f3} bxc5 30. Qd8+ Kh7 31. Qd3+ Kg8 32. Qd8+ Kh7 33. Qd3+ g6 34.
Qc4 Kg7 35. Kf1 Qb6 36. Qc3+ Kg8 37. a5 Qb5+ 38. Ke1 c4 39. g3 Qd5 40. Qb4 Kg7
41. a6 Qd3 42. Qb5 Qc3+ 43. Kd1 h5 44. Ke2 Qc2+ 45. Kf1 c3 46. Qe5+ Kh7 47. Qd5
Qb1+ 48. Kg2 Qf5 49. Qc4 Qe6 (49... c2 {Hecht} 50. e4 $10) 50. Qxc3 Qxa6 51.
Qb3 Kg7 52. Qb2+ Qf6 53. Qa3 Qb6 54. Qc3+ Kh7 55. Qc4 Qb7+ 56. e4 a5 57. Kg1
Qa7 58. Qa4 Qb6 59. Qa2 Kg8 60. Qa4 Kf8 61. Qa1 Qb5 62. Qh8+ Ke7 63. Qc8 Qb1+
64. Kh2 Qb6 65. Qc2 Qa7 66. Qb2 Ke6 67. Qb3+ Ke5 68. Qd5+ Kf6 69. Qd6+ Kg7 70.
Kg1 a4 71. Qa3 f6 (71... Qd4 $5 {Hecht ...mit der Absicht Qc4 und Qb3 bzw. Qb2
auf 72.Qe7 sieht logischer aus.} 72. Qe7 Qb2 73. e5 a3) 72. Kg2 Kf7 73. Qa2+
Kf8 74. Qa3+ Kg7 75. Kg1 Kf7 76. Qa2+ Kf8 77. Qa3+ Kf7 78. Qa2+ Ke7 79. Qa3+
Ke8 80. Qa2 Ke7 81. Qa3+ Kd7 82. Qd3+ Ke6 83. Qd5+ Ke7 84. e5 fxe5 85. Qxe5+
Kf7 86. Qh8 Qc5 87. Qh7+ Kf6 88. Qh8+ Kf7 89. Qh7+ Kf6 90. Qh8+ Kf5 91. Qh6 Qc2
92. Qe3 Qb1+ 93. Kh2 Qe4 94. Qg5+ Ke6 95. Qc5 Kd7 96. Qa7+ Kd6 97. Qb6+ Qc6 98.
Qd4+ Ke6 99. Qe3+ Kd5 100. Qd3+ Ke5 101. Qe3+ Qe4 102. Qc5+ Ke6 103. Qc8+ Kd6
104. Qd8+ Kc5 1/2-1/2